000 00779nam a2200253Ia 4500
003 OSt
005 20220927103613.0
006 a|||||r|||| 00| 0
007 ta
008 220926b |||||||| |||| 00| 0 eng d
024 _a98718
037 _cReference Collections
040 _aRTL
_cRTL
_beng
041 _2eng
_aeng
082 _a"X9(J38).192.N7g, L4/UN"
100 _aLeon J Ed.
_9360359
245 0 _aHandbook of plant introduction in tropical crops
260 _aRome
_bFAO
_c1974
300 _a"x, 140p."
_ccm.
490 _a"Food and agriculture organization agricultural studies, 93."
650 _aFruits
_9360360
942 _h"X9(J38).192.N7g, L4/UN"
_cCC
999 _c684229
_d684229